<?xml version="1.0" encoding="UTF-8"?>
<record
    xmlns:xsi="http://www.w3.org/2001/XMLSchema-instance"
    xsi:schemaLocation="http://www.loc.gov/MARC21/slim http://www.loc.gov/standards/marcxml/schema/MARC21slim.xsd"
    xmlns="http://www.loc.gov/MARC21/slim">

  <leader>03673nam a2200313 i 4500</leader>
  <controlfield tag="001">Rebiun35535758</controlfield>
  <controlfield tag="007">ta</controlfield>
  <controlfield tag="008">240125s2024    sp a    r     001 0 spa</controlfield>
  <datafield tag="017" ind1=" " ind2=" ">
    <subfield code="a">B 17600-2024, </subfield>
    <subfield code="b">Biblioteca de Catalunya</subfield>
  </datafield>
  <datafield tag="020" ind1=" " ind2=" ">
    <subfield code="a">9788433921949</subfield>
  </datafield>
  <datafield tag="040" ind1=" " ind2=" ">
    <subfield code="a">UGR </subfield>
    <subfield code="e">rda</subfield>
    <subfield code="c">tbs</subfield>
  </datafield>
  <datafield tag="041" ind1="1" ind2=" ">
    <subfield code="a">Spanish</subfield>
    <subfield code="h">English</subfield>
  </datafield>
  <datafield tag="100" ind1=" " ind2=" ">
    <subfield code="a">Eagleman, David </subfield>
    <subfield code="e">author</subfield>
    <subfield code="9">11157</subfield>
  </datafield>
  <datafield tag="240" ind1="1" ind2="0">
    <subfield code="a">Livewired. </subfield>
    <subfield code="l">Spanish</subfield>
  </datafield>
  <datafield tag="245" ind1="1" ind2="4">
    <subfield code="a">Una red viva </subfield>
    <subfield code="b">: la historia interna de nuestro cerebro en cambio permanente </subfield>
    <subfield code="c">/ David Eagleman; traducci&#xF3;n de Dami&#xE1; Alou</subfield>
  </datafield>
  <datafield tag="250" ind1=" " ind2=" ">
    <subfield code="a">First edition</subfield>
  </datafield>
  <datafield tag="264" ind1=" " ind2="1">
    <subfield code="a">Barcelona : </subfield>
    <subfield code="b">Editorial Anagrama, </subfield>
    <subfield code="c">2024</subfield>
  </datafield>
  <datafield tag="264" ind1=" " ind2="1">
    <subfield code="a">2024</subfield>
  </datafield>
  <datafield tag="300" ind1=" " ind2=" ">
    <subfield code="a">414 pages: </subfield>
    <subfield code="b">illustrations ; </subfield>
    <subfield code="c">22 cm</subfield>
  </datafield>
  <datafield tag="490" ind1=" " ind2=" ">
    <subfield code="a">Argumentos ; </subfield>
    <subfield code="v">600</subfield>
  </datafield>
  <datafield tag="500" ind1=" " ind2=" ">
    <subfield code="a">Includes bibliographical references (pages 309&#x2013;369) and suggested further reading (pages 371&#x2013;389).</subfield>
  </datafield>
  <datafield tag="520" ind1="2" ind2=" ">
    <subfield code="a">Un fascinante viaje a la infinita capacidad de aprendizaje, remodelaci&#xF3;n y autorregeneraci&#xF3;n del cerebro.

El cerebro y sus misterios, el cerebro y sus maravillas. David Eagleman, prestigioso neurocient&#xED;fico y profesor de la Universidad de Stanford, nos ofrece en este libro una nueva exploraci&#xF3;n sobre este &#xF3;rgano: un recorrido fascinante en torno a la plasticidad del cerebro, capaz de mudar para adaptarse a condiciones cambiantes.

Expone, por ejemplo, el caso de un ni&#xF1;o al que deben extirparle la mitad del cerebro y se comprueba c&#xF3;mo la mitad restante se reconfigura para amoldarse a la nueva situaci&#xF3;n. O el caso del cerebro de las personas ciegas, que se adecua a esta limitaci&#xF3;n y potencia los otros sentidos. O el de las personas con una pr&#xF3;tesis a cuya presencia se acomoda el cerebro. La actividad cerebral se reacondiciona de forma permanente para afrontar nuevas circunstancias y nuevos aprendizajes.

Con la ya contrastada capacidad del autor para explicar de manera clara y apasionante el complejo mapa cerebral, este libro presenta casos hist&#xF3;ricos (como el del miembro fantasma del almirante Nelson) y contempor&#xE1;neos, y explica experimentos punteros que nos hablan de los &#xFA;ltimos avances en la ciencia del cerebro. Incluso se adentra en el futuro, con los sorprendentes progresos en las conexiones entre cerebro y rob&#xF3;tica.</subfield>
  </datafield>
  <datafield tag="520" ind1="2" ind2=" ">
    <subfield code="a">A fascinating journey into the brain&#x2019;s remarkable capacity for learning, adaptation, and self-renewal.

The brain and its mysteries, the brain and its wonders. In this compelling book, renowned neuroscientist and Stanford University professor David Eagleman offers a fresh exploration of the brain: a captivating journey through its astonishing plasticity&#x2014;the ability to reshape itself in response to changing conditions.

He presents cases such as that of a child who undergoes the removal of half his brain, only for the remaining half to reorganise and take over the lost functions. Or the case of blind individuals whose brains adapt by enhancing other senses. Or those with prosthetic limbs, whose brains adjust to incorporate these artificial extensions. The brain, Eagleman explains, continuously reconditions itself to meet new challenges and learn anew.

With his well-known gift for making complex science clear and enthralling, Eagleman draws on both historical examples&#x2014;such as Admiral Nelson&#x2019;s phantom limb&#x2014;and cutting-edge research, revealing the latest breakthroughs in neuroscience. He even looks ahead to the future, where surprising advances in brain&#x2013;machine interfaces promise to transform our understanding of what the brain can do.</subfield>
  </datafield>
  <datafield tag="650" ind1=" " ind2="0">
    <subfield code="a">Brain</subfield>
    <subfield code="9">9635</subfield>
  </datafield>
  <datafield tag="650" ind1=" " ind2="0">
    <subfield code="a">Neurobiology</subfield>
    <subfield code="9">25542</subfield>
  </datafield>
  <datafield tag="650" ind1=" " ind2="0">
    <subfield code="a">Neurosciences</subfield>
    <subfield code="9">11153</subfield>
  </datafield>
  <datafield tag="700" ind1=" " ind2=" ">
    <subfield code="a">Alou, Dami&#xE1;n </subfield>
    <subfield code="e">translator</subfield>
    <subfield code="9">25543</subfield>
  </datafield>
  <datafield tag="942" ind1=" " ind2=" ">
    <subfield code="2">lcc</subfield>
  </datafield>
  <datafield tag="952" ind1=" " ind2=" ">
    <subfield code="0">0</subfield>
    <subfield code="1">0</subfield>
    <subfield code="2">lcc</subfield>
    <subfield code="4">0</subfield>
    <subfield code="7">0</subfield>
    <subfield code="a">TBS</subfield>
    <subfield code="b">TBS</subfield>
    <subfield code="d">2025-06-19</subfield>
    <subfield code="l">0</subfield>
    <subfield code="o">QP376 EAG</subfield>
    <subfield code="p">B06008</subfield>
    <subfield code="r">2025-06-19</subfield>
    <subfield code="t">1</subfield>
    <subfield code="w">2025-06-19</subfield>
    <subfield code="y">1</subfield>
    <subfield code="z">WELL COLLECTION</subfield>
  </datafield>
  <datafield tag="999" ind1=" " ind2=" ">
    <subfield code="c">4780</subfield>
    <subfield code="d">4780</subfield>
  </datafield>
</record>
